1353 1853 1039 1395 1416 1476 1698 1926 1918 1152 1068 1963 1708 1457 1877 1662 1537 1486 1323 1651 1212 1812 1981 1902 1581 1280 1994 1122 1961 1737 1911 1066 1913 1024 1434 1975 1802 1557 1524 1681 1512 1755 1204 1207 1456 1002 1341 1815 1622 1489 1515 1703 1250 1099 1719 1879 1742 1735 1511 1111 1886 1334 1183 1481 1988 1862 1434 1819 1825 1457 1699 1773 1971 1387 1450 1448 1613 1562 1931 1602 1013 1420 1027 1130 1158 1395 1925 1298 1676 1376 1184 1461 1606 1594 1066 1454 1660 1527 1114 BCNSPRNW ULIB Ver.6.0+V

เปลี่ยนเป็นภาษาไทย

Change to English
 แสดงรายละเอียดบรรณานุกรม
  กลับหน้าหลัก

Brief Record : Get Marc (ISO 2709) : E-mail record : QR code < ปิดหน้าต่าง
LEADER : 00000nam 2200000uu 4500
001    13399128570
003     ULIB
008    020711s2565 th a 000 0 tha d
020    ^a9786165944908
060    ^aWB105^bก171ก
100    ^aกรกฎ อภิรัตน์วรากุล
245    ^aการแพทย์ฉุกเฉิน พลวัตแห่งการพัฒนาอย่างยั่งยืน
250    ^aพิมพ์ครั้งที่ 1
260    ^aขอนแก่น :^bสาขาวิชาเวชศาสตร์ฉุกเฉิน คณะแพทยศาสตร์ มหาวิทยาลัยขอนแก่น,^c2565
300    ^a268 หน้า;^c26 ซม.
650    ^aเวชศาสตร์ฉุกเฉิน
650    ^aภาวะฉุกเฉินทางการแพทย์
650    ^aการติดเชื้อไวรัสโคโรนา
650    ^aโควิด-19
945    ^p890^l0^i010316
945    ^p890^l0^i010317
945    ^p890^l0^i010757
945    ^p890^l0^i010758
945    ^p890^l0^i010759
999    ^aประนอม เกษจรัล
รายการนี้ยังไม่มีแท็ก
คุณยังไม่ได้ล็อกอิน คุณสามารถมีกิจกรรมร่วมกับเว็บไซต์ได้ แต่ต้องล็อกอินก่อน ::
  ล็อกอิน

รายการสื่อสารสนเทศ

ลำดับที่ ประเภท เลขเรียก/บาร์โค้ด สถานที่ สถานะ
1. วิทยาศาสตร์การแพทย์ และสุขภาพ
หนังสือสำรอง
สถานะ=หนังสือสำรอง
WB105 ก171ก ฉ.1 
  Barcode: 010316
ห้องสมุดวิทยาเขตสวรรค์ประชารักษ์
►หนังสือทั่วไป
บนชั้น
2. วิทยาศาสตร์การแพทย์ และสุขภาพ
วิทยาศาสตร์การแพทย์ และสุขภาพ
WB105 ก171ก ฉ.2 
  Barcode: 010317
ห้องสมุดวิทยาเขตสวรรค์ประชารักษ์
►หนังสือทั่วไป
บนชั้น
3. วิทยาศาสตร์การแพทย์ และสุขภาพ
วิทยาศาสตร์การแพทย์ และสุขภาพ
WB105 ก171ก ฉ.3 
  Barcode: 010757
ห้องสมุดวิทยาเขตสวรรค์ประชารักษ์
►หนังสือทั่วไป
บนชั้น
4. วิทยาศาสตร์การแพทย์ และสุขภาพ
วิทยาศาสตร์การแพทย์ และสุขภาพ
WB105 ก171ก ฉ.4 
  Barcode: 010758
ห้องสมุดวิทยาเขตสวรรค์ประชารักษ์
►หนังสือทั่วไป
บนชั้น
5. วิทยาศาสตร์การแพทย์ และสุขภาพ
วิทยาศาสตร์การแพทย์ และสุขภาพ
WB105 ก171ก ฉ.5 
  Barcode: 010759
ห้องสมุดวิทยาเขตสวรรค์ประชารักษ์
►หนังสือทั่วไป
บนชั้น

รายการใกล้เคียง
    ชื่อเรื่อง [การแพทย์ฉุกเฉิน พลวัตแห่งการพัฒนาอย่างยั่งยืน]

    ผู้แต่ง [กรกฎ อภิรัตน์วรากุล]

    หัวเรื่อง [เวชศาสตร์ฉุกเฉิน]
    หัวเรื่อง [ภาวะฉุกเฉินทางการแพทย์]
    หัวเรื่อง [การติดเชื้อไวรัสโคโรนา]
    หัวเรื่อง [โควิด-19]

BibComment


ยังไม่เคยถูกคอมเมนท์

คอมเมนท์ทรัพยากรรายการนี้
  คอมเมนท์: การแพทย์ฉุกเฉิน ..


 Copyright 2026. Bcnsprnw @Library